Some aspects of productivity, (Record no. 67155)

MARC details
000 -LEADER
fixed length control field 00577cam a22002171 4500
001 - CONTROL NUMBER
control field sa 66000253
003 - CONTROL NUMBER IDENTIFIER
control field DLC
005 - DATE AND TIME OF LATEST TRANSACTION
control field 20260227112214.0
008 - FIXED-LENGTH DATA ELEMENTS--GENERAL INFORMATION
fixed length control field 951013s1965 ii 000 0 eng
010 ## - LIBRARY OF CONGRESS CONTROL NUMBER
LC control number sa 66000253
025 ## - OVERSEAS ACQUISITION NUMBER
Overseas acquisition number PL480:I-E-5186
035 ## - SYSTEM CONTROL NUMBER
System control number (OCoLC)33293759
040 ## - CATALOGING SOURCE
Original cataloging agency DLC
Transcribing agency NSyU
Modifying agency DLC
042 ## - AUTHENTICATION CODE
Authentication code premarc
050 00 - LIBRARY OF CONGRESS CALL NUMBER
Classification number HD57
Item number .S394
100 1# - MAIN ENTRY--PERSONAL NAME
Personal name Shah, R. M.
245 10 - TITLE STATEMENT
Title Some aspects of productivity,
Remainder of title usual and unusual,
Statement of responsibility, etc. by R.M. Shah.
260 ## - PUBLICATION, DISTRIBUTION, ETC.
Place of publication, distribution, etc. Bombay,
Name of publisher, distributor, etc. Orient Longmans
Date of publication, distribution, etc. [1965]
300 ## - PHYSICAL DESCRIPTION
Extent 44 p.
Dimensions 22 cm.
650 #0 - SUBJECT ADDED ENTRY--TOPICAL TERM
Topical term or geographic name entry element Labor productivity.

No items available.

Powered by Koha